000 00153nam a2200061Ia 4500
999 _c10582
_d10582
003 OSt
005 20230429055155.0
008 170523s9999 xx 000 0 und d
040 _cIIMT UNIVERSITY MEERUT
100 _aAHMAD NISAR
245 0 _aMANAGEMENT ACCOUNTING
260 _aNEW DELHI
_bANMOL
_c1998
300 _a471
942 _2ddc
_c02